{"text_format":"3","workbook":"xlsx","n_sheets":3,"sheets":["Sheet1","Sheet2","Sheet3"],"read":"whole","date_system":"1900"}

{"sheet":"Sheet1","index":0,"n_rows":45,"n_cols":23,"rows_kept":45,"merged":[[0,0,0,22],[1,0,2,0],[1,1,2,1],[1,2,2,2],[1,3,2,3],[1,4,2,4],[1,5,2,5],[1,6,1,12],[1,13,1,20],[1,21,2,21],[1,22,2,22],[3,1,9,1],[10,1,13,1],[14,1,28,1],[29,1,37,1],[38,1,43,1],[44,1,44,21]]}
["通康公司年度物资采购计划表"]
["序号","类型","名称","型号","规格","单位","月度计划用量",{"$nulls":6},"年度用量（暂估）",{"$nulls":7},"单价控制价\n（含税13%）","合计"]
[{"$nulls":6},"公司部门","逸合府","9#地",{"$nulls":4},"公司部门","逸合府","9#地","小修","光伏","杜仲路","水安","合计"]
[1,"纸类","欣乐A4纸","70g","500张/包 8包/箱","箱",3,null,3,{"$nulls":4},{"$f":"G4*12","v":36},24,24,4,null,2,24,{"$f":"SUM(N4:T4)","v":114},{"v":161,"d":"161.00"},{"v":18354,"d":"18354.00"}]
[2,null,"欣乐A3纸","70g","500张/包 4包/箱","箱",1,null,1,{"$nulls":4},6,3,4,null,null,0.5,4,17,{"v":161,"d":"161.00"},{"v":2737,"d":"2737.00"}]
[3,null,"16K会议记录本","得力7949","80页/本","本",null,null,0,{"$nulls":4},8,null,0,null,10,1,8,27,{"v":16.7,"d":"16.70"},{"v":450.9,"d":"450.90"}]
[4,null,"大便利贴（长方形）","得力9083","76x101mm（100张）","包",10,5,5,{"$nulls":4},60,30,30,4,null,1,30,155,{"v":3.5,"d":"3.50"},{"v":542.5,"d":"542.50"}]
[5,null,"便签纸（长条形）","得力66307","76x19m（400张）","包",10,5,5,{"$nulls":4},60,30,30,4,null,1,30,155,{"v":2.16666666666667,"d":"2.17"},{"v":335.833333333334,"d":"335.83"}]
[6,null,"便利贴（正方形）","得力9076","76x76m（100张）","包",10,5,5,{"$nulls":4},60,30,30,4,10,1,30,165,2.05,338.25]
[7,null,"索引标签贴（彩色）","得力21535、21537、21537","28*12mm、28*25mm、28*45mm","包",10,null,5,{"$nulls":4},42,null,12,{"$nulls":4},54,{"v":4.2,"d":"4.20"},{"v":226.8,"d":"226.80"}]
[8,"笔类","红色0.5mm按动笔","得力S60-6","6支/盒","盒",1,0.5,2,{"$nulls":4},{"$f":"G11*12","v":12},6,24,1,1,5,12,61,{"v":14.1,"d":"14.10"},{"v":860.1,"d":"860.10"}]
[9,null,"黑色按动笔芯0.5mm","得力6906","20支/盒","盒",2,1,1,{"$nulls":4},{"$f":"G12*12","v":24},12,12,4,2,null,12,{"$f":"SUM(N12:T12)","v":66},{"v":14.3,"d":"14.30"},{"v":943.8,"d":"943.80"}]
[10,null,"黑色台笔0.5mm","得力6796","微笑台笔","盒",null,2,2,{"$nulls":4},20,24,24,2,1,null,20,91,{"v":5.66666666666667,"d":"5.67"},{"v":515.666666666667,"d":"515.67"}]
[11,null,"2B铅笔","得力NS728-2B","10支/盒","盒",1,1,1,{"$nulls":4},{"$f":"G14*12","v":12},12,12,1,1,1,12,51,{"v":9,"d":"9.00"},{"v":459,"d":"459.00"}]
[12,"整理类","长尾夹50mm","得力8551ES","12只/盒","盒",15,2,2,{"$nulls":4},60,24,24,4,10,1,24,147,{"v":12.8333333333333,"d":"12.83"},{"v":1886.5,"d":"1886.50"}]
[13,null,"长尾夹15mm","得力8556ES","60只/盒","盒",15,2,2,{"$nulls":4},60,24,24,4,10,1,24,147,{"v":9.63333333333333,"d":"9.63"},{"v":1416.1,"d":"1416.10"}]
[14,null,"长尾夹25mm","得力8554ES","48只/盒","盒",15,2,2,{"$nulls":4},60,24,24,4,10,2,24,148,{"v":13.7333333333333,"d":"13.73"},{"v":2032.53333333333,"d":"2032.53"}]
[15,null,"长尾夹19mm","得力8555ES","40只/盒","盒",15,2,2,{"$nulls":4},60,24,24,4,10,3,24,149,{"v":7.7,"d":"7.70"},{"v":1147.3,"d":"1147.30"}]
[16,null,"蓝色档案盒","得力5683","背宽55mm","个",50,50,50,{"$nulls":4},300,100,100,30,20,50,180,780,{"v":8.56666666666667,"d":"8.57"},{"v":6682,"d":"6682.00"}]
[17,null,"文件筐","得力灰色27888",null,"个",{"$nulls":7},20,20,20,5,null,null,10,75,{"v":15.8,"d":"15.80"},{"v":1185,"d":"1185.00"}]
[18,null,"文件架","得力9209浅灰色",null,"个",{"$nulls":7},20,20,20,5,null,null,10,75,{"v":28.9333333333333,"d":"28.93"},{"v":2170,"d":"2170.00"}]
[19,null,"折页板夹","得力PE109-J5","横式混色5只","个",14,null,1,{"$nulls":4},35,null,20,null,5,null,15,75,{"v":10.5266666666667,"d":"10.53"},{"v":789.500000000003,"d":"789.50"}]
[20,null,"垫板夹","得力9226","棕色",{"$nulls":3},5,{"$nulls":5},5,10,{"$nulls":3},15,30,{"v":6.33333333333333,"d":"6.33"},{"v":190,"d":"190.00"}]
[21,null,"中号抽杆夹14mm（白色三角）","得力PP674","10个/包","包",10,null,5,{"$nulls":4},60,30,30,null,null,10,30,160,{"v":13.5,"d":"13.50"},{"v":2160,"d":"2160.00"}]
[22,null,"可旋转订书机","得力0434","白色 12#钉","个",null,2.4,{"$nulls":5},7,2,24,null,2,1,2,38,{"v":12.6666666666667,"d":"12.67"},{"v":481.333333333335,"d":"481.33"}]
[23,null,"金属订书机","得力0368","白色 12#钉","个",null,null,0,{"$nulls":4},20,null,0,null,2,1,10,33,{"v":20.9333333333333,"d":"20.93"},{"v":690.799999999999,"d":"690.80"}]
[24,null,"起钉器","得力0231","12#钉","个",{"$nulls":7},20,null,24,null,5,5,10,64,{"v":2.7,"d":"2.70"},{"v":172.8,"d":"172.80"}]
[25,null,"订书钉","得力0012","12# 1000枚/盒 10盒","板",2,2,1,{"$nulls":4},{"$f":"G28*12","v":24},12,12,2,10,1,24,85,{"v":12.1666666666667,"d":"12.17"},{"v":1034.16666666667,"d":"1034.17"}]
[26,null,"回形针","得力0018","100个/盒 10盒/板","板",2,2,4,{"$nulls":4},{"$f":"G29*12","v":24},24,24,1,10,1,24,108,{"v":14.3,"d":"14.30"},{"v":1544.4,"d":"1544.40"}]
[27,"其他","语音计算器","得力837ES","双电源 静音","个",{"$nulls":7},14,null,25,null,5,2,3,49,{"v":14.6666666666667,"d":"14.67"},{"v":718.666666666668,"d":"718.67"}]
[28,null,"U盘","金士顿","64GB，USB3.2","个",{"$nulls":7},12,null,12,{"$nulls":4},24,{"v":37.6333333333333,"d":"37.63"},{"v":903.199999999999,"d":"903.20"}]
[29,null,"座机电话","中诺C229","双接口","个",{"$nulls":7},2,5,0,{"$nulls":3},0,7,{"v":44,"d":"44.00"},{"v":308,"d":"308.00"}]
[30,null,"荣誉证书","得力7577","8K 257*177mm","个",{"$nulls":7},40,null,0,{"$nulls":3},0,40,{"v":10.0666666666667,"d":"10.07"},{"v":402.666666666668,"d":"402.67"}]
[31,null,"笔筒","得力9146","金属 方形","个",{"$nulls":7},14,null,24,null,5,5,6,54,{"v":15.6333333333333,"d":"15.63"},{"v":844.199999999998,"d":"844.20"}]
[32,null,"固体胶（大）","得力7103","36g*12支","板",2,null,2,{"$nulls":4},24,null,12,1,1,10,2,50,{"v":21.2666666666667,"d":"21.27"},{"v":1063.33333333334,"d":"1063.33"}]
[33,null,"剪刀","得力6009","180mm","个",{"$nulls":7},20,5,24,2,2,2,3,58,{"v":5.6,"d":"5.60"},{"v":324.8,"d":"324.80"}]
[34,null,"5号电池","南孚","40粒/盒","盒",1,null,1,{"$nulls":4},6,1,4,2,1,0.5,1,15,{"v":106.133333333333,"d":"106.13"},{"v":1591.99999999999,"d":"1592.00"}]
[35,null,"7号电池","南孚","40粒/盒","盒",1,null,1,{"$nulls":4},6,1,4,2,1,0.5,1,15,{"v":106.133333333333,"d":"106.13"},{"v":1591.99999999999,"d":"1592.00"}]
[36,"保洁","大盘纸","ZB010","12卷/箱","箱",3,1,1,{"$nulls":4},{"$f":"G39*12","v":36},6,12,10,5,1,2,{"$f":"SUM(N39:T39)","v":72},{"v":95,"d":"95.00"},{"v":6840,"d":"6840.00"}]
[37,null,"心相印软抽纸（茶语丝享）","DT15130","24包/箱","箱",2,2,2,{"$nulls":4},{"$f":"G40*12","v":24},12,24,4,10,1,12,87,{"v":82.9,"d":"82.90"},{"v":7212.3,"d":"7212.30"}]
[38,null,"小垃圾袋","妙洁","免撕抽绳垃圾袋 （50*55)黑色80只","卷",30,30,30,{"$nulls":4},100,50,50,20,5,20,20,265,{"v":25,"d":"25.00"},{"v":6625,"d":"6625.00"}]
[39,null,"大垃圾袋","妙洁","100*120*10只","卷",5,5,5,{"$nulls":4},30,30,30,{"$nulls":3},2,92,10.98,1010.16]
[40,null,"除菌洁厕灵","帮洁","900g（15瓶/箱）","箱",1,1,2,{"$nulls":4},{"$f":"G43*12","v":12},12,12,1,null,null,0,37,{"v":90,"d":"90.00"},{"v":3330,"d":"3330.00"}]
[41,null,"泡沫洗手液","滴露","250ML(KITTY限定版）","瓶",null,null,1,{"$nulls":4},40,30,30,30,null,null,30,160,{"v":12.5,"d":"12.50"},{"v":2000,"d":"2000.00"}]
[42,"总计",{"$nulls":20},{"$f":"SUM(W4:W44)","v":84112.61}]

{"sheet":"Sheet2","index":1,"n_rows":0,"n_cols":0,"rows_kept":0}

{"sheet":"Sheet3","index":2,"n_rows":0,"n_cols":0,"rows_kept":0}